Normal view
MARC view
Entry Personal Name
001 - CONTROL NUMBER
- control field: 1237378
003 - CONTROL NUMBER IDENTIFIER
- control field: OSt
005 - DATE AND TIME OF LATEST TRANSACTION
- control field: 20260430150409.0
008 - FIXED-LENGTH DATA ELEMENTS
- fixed length control field: 260430|| aca||aabn | a|a d
040 ## - CATALOGING SOURCE
- Original cataloging agency: OSt
- Transcribing agency: OSt
100 ## - HEADING--PERSONAL NAME
- Personal name: Maan Kitan Au.; Bakhshi Radhika Gu.; Rana Poonam Gu
670 ## - SOURCE DATA FOUND
- Source citation: Work cat.: (OSt)1849686: Maan Kitan Au.; Bakhshi Radhika Gu.; Rana Poonam Gu., Identification of High Throughput Radiation Biomarkers Using Integrated Metabolomics Approach, 2023
